| 000 | 00884aam a2200313 i 4500 | ||
|---|---|---|---|
| 001 | 768714001 | ||
| 003 | CO-MdFUSB | ||
| 005 | 20250522162225.0 | ||
| 007 | ta | ||
| 008 | 250522t1995 -us |||| |||| 00| 0 eng d | ||
| 020 | _a0-88113-377-9 | ||
| 040 | _cCO-MdFUSB | ||
| 041 | 0 |
_aspa _heng |
|
| 082 | 0 | 4 |
_223 _a248.4 _bL931c |
| 100 | 1 |
_aLucado, Max _eautor |
|
| 240 | _aWhen God Whispers your name | ||
| 245 | 1 | 0 |
_aCuando Dios susurra tu nombre _c/ Max Lucado ; traducido por Erma Ducasa |
| 264 | 1 |
_bCaribe, _aNashville, TN. : _c[1995] |
|
| 264 | 4 | _c©1995 | |
| 300 | _a235 páginas | ||
| 336 |
_atexto _btxt _2rdacontent |
||
| 337 |
_2rdamedia _asin mediación _bn |
||
| 338 |
_2rdacarrier _avolumen _bnc |
||
| 563 | _aRústico | ||
| 650 | 0 |
_aVida cristiana _919 |
|
| 700 |
_aSwindoll de Ducasa, Erma Lovell. _92161 _etraductor |
||
| 942 | _cBK | ||
| 945 | _aJTF-925 | ||
| 999 |
_c43612 _d43612 |
||